000 00621cam a2200181 a 4500
001 000012842
005 20240417185634.0
008 000509s1999 ck 000 0 spa
020 _a958676057X
040 _aDO-SdBNP
_bspa
_dBNPHU
082 _a347.066
_bO77p
100 1 _aOrtiz Ricaurte, Edgar Henry.
_929702
245 1 3 _aLa protección del testigo :
_bderecho comparado, legislación y jurisprudencia /
_cEdgar Henry Ortiz Ricaurte.
260 _aSantafé de Bogotá :
_bDoctrina y Ley Ltda.,
_c1999.
300 _axiv, 162 p. ;
_c22 cm.
650 4 _aTestigos
_zColombia.
_929703
650 0 _aDerecho comparado
_929704
999 _c12490
_d12490